| 000 | 00486nam a2200181Ia 4500 | ||
|---|---|---|---|
| 008 | 240925s9999 xx 000 0 und d | ||
| 020 | _a9780070648036 | ||
| 082 | _a621.31924 ALE | ||
| 100 | _aAlexander ,Charles K. | ||
| 245 | 0 | _aFundamentals of Electric Circuits | |
| 250 | _a3rd | ||
| 260 |
_aNew Delhi: _bTata McGraw Hill _c,2011. |
||
| 300 |
_aix,352p. _bN.A _fPhotocopy |
||
| 500 | _aIncludes Index | ||
| 600 | _aElectrical Engineering | ||
| 650 | _aTechnology | ||
| 942 | _cBK | ||
| 999 |
_c11833 _d11833 |
||